Dead Ahead Quiz - Statistics

General Stats
  • This quiz has been taken 12 times
  • The average score is 17 of 44
Answer Stats
Hint Answer % Correct
The above port belongs to who? Orion
80%
Prefix for the Antares Navy AIS
60%
Planet similar to Earth, but twice as large and half as dense Forma
60%
Prefix for Ursan Navy FUS
60%
Prefix for Hydrus Navy HCS
60%
Ground-based combat map that shokktroopers land on to capture runways Jupiter Atoll
60%
Name of neutral country located in in its namesake ocean Libran
60%
Prefix for Orion Navy ORS
60%
What ship is designated BB Battleship
40%
Mode where oiler tankers try to traverse across the map Blockade
40%
Antarean home continent Centaura
40%
What ship is designated DD Destroyer
40%
This kind of plane can drop strong ordinance onto targets. Has a unique reticle Dive Bomber
40%
Mode where each team has to sink the enemy super battleship Dreadnought
40%
This kind of plane can gun-down other planes Fighter (Jet)
40%
This type of AA damages ships and has proximity explosions Flak (Heavy AA)
40%
Mode where 4 destroyers and 1 light cruiser battle Flotilla
40%
What ship is designated CA Heavy Cruiser
40%
Grand Admiral of the Ursan Federal Navy Ivan Mallory
40%
What ship is designated CL Light Cruiser
40%
Pressing (g) on battleship or battlecruiser turrets launches this (Marking) Flare
40%
Draconian Antarean Kommander removed from the game due to SIMPS! Maya Tau
40%
Mode where each team has to sink the enemy fleet carrier Phoenix
40%
This tool is present on every ship, with some ships having more than one. It gives the elevation angle for turrets relative to the enemy vessel Range Finder (RF)
40%
This kind of plane can perform the exact same function as RF Scout Plane
40%
Mode where battleships, cruisers, and carriers can spawn on either team randomly, usually in groups of 3 or 4 Skirmish
40%
Antares Service Pistol SUB-EXL
40%
This kind of plane can launch underwater missiles Torpedo Bomber
40%
Religion on Hydra Unism
40%
Map that has Ursan coastal defenses Ursa's Crown
40%
Religion on Centauri Astranism
20%
This kind of plane can launch short range air-to-air missiles Attack Aircraft
20%
Orion Service Pistol C34
20%
Commodore in the Hydrusite Navy Carina Collins
20%
Port that is attacked by Antares Delphine
20%
Map that has ruins scattered around on islands Eryndor Ruins
20%
President of Orion as of DA Ferdinand Powell
20%
What ship is designated CV Fleet Carrier
20%
Map that has a snowstorm Guney Sea
20%
Map that has a hurricane Morozova Sea
20%
Map that gets obliterated by Antarean Heavy Bombers Perseus Strait
20%
Map that gives sailors the hot climate uniform Siccon Archipelago
20%
Name of Antares Bloodline Tau
20%
The hurricane in the above map is called what? Winston
20%
No matching quizzes found
Score Distribution
Percent of People with Each Score
Percentile by Number Answered
Your Score History
You have not taken this quiz